| 000 | 00423nam a2200181Ia 4500 | ||
|---|---|---|---|
| 005 | 20250423094427.0 | ||
| 008 | 250422s9999 xx 000 0 und d | ||
| 020 | _a0-7167-3771-x | ||
| 050 | _aQH 430 .I62/ | ||
| 245 | 3 | _aAn introduction to genetic analysis | |
| 250 | _a7th ed. | ||
| 260 | _aNew York | ||
| 260 | _bW.H Freeman and Company | ||
| 260 | _c2000 | ||
| 300 | _a845 p | ||
| 650 | _aBiology | ||
| 942 | _cBK | ||
| 999 |
_c27205 _d27205 |
||